000 00597nam a2200193 4500
001 109690
003 ES-MaACL
005 20251207124547.0
007 t|
008 061121s1955 sp r ||||1| spa d
100 1 _aMoch, Jules.
_981738
245 1 3 _aLa locura de la humanidad /
_cJules Moch; prefacio de Einstein; Traducción de Alberto Vilá.
260 _aBarcelona :
_bToray,
_c1955.
300 _a238 p. ;
_c20 cm.
700 1 _aEinstein, Albert,
_d1879-1955
_946838
700 1 _aVilá, Alberto.
_9114684
852 _aES-MaACL
_jC-10457
_bR.38473
999 _c109690
_d109690